MDQL
is popping MORE tags! Check the
thread
!
Quizzes
Events
Quiz Creation
Community
Videos
Private Events
Remove Ads
Sign In
Join for FREE
Feedback
Dark Mode
Quiz Categories
Sports
Geography
Music
Movies
Television
Just For Fun
Miscellaneous
History
Literature
Language
Science
Gaming
Entertainment
Religion
Holiday
For Kids
Quiz Lab
Recent
Popular Today
Quiz Kudos Today
Editor Picks
Curator Picks
Quizzes by...
Day
Popularity
Type
Ratings
Length
Year
Community
Subscriptions
Recent Discussions
Orange Saloon
Badges
Playlists
Quests
Create
Leaderboards
Showdown
Live 5
Trivia Bingo
Activity
Puzzle Library
Sporcle Events
Private Events
Virtual Trivia
Globe League
Become a Host
Pub Owners
SporcleCon
Opinionation
Our Games
Videos
Blog
Mobile Apps
Partnerships
Remove Ads and Go Orange
Feedback
Sports
Athletes
MLB
NBA
NHL
NFL
Soccer
Sports Teams
WWE
NCAA
Football
Premier League
Basketball
Baseball
Hockey
Golf
Tennis
Cricket
Rugby
Auto Racing
Olympics
World Cup
Sports
Athletes
MLB
NBA
NHL
NFL
Soccer
Sports Teams
WWE
NCAA
Football
Premier League
Basketball
Baseball
Hockey
Golf
Tennis
Cricket
Rugby
Auto Racing
Olympics
World Cup
Random Quiz
Search Sporcle
×
Quiz Lab
Quiz Lab
Sports
Type in answers that appear in a list
Type in answers that appear in a list
Classic
Best Score? Go Orange.
Sports Stats
Can you name the Sports?
By
AwesumJuan
14m
71 Questions
60 Plays
60 Plays
60 Plays
Comments
Comments
Give Quiz Kudos
Give Quiz Kudos
-
- Ratings
hide this ad
Random Order
Randomize order of answers
Randomize order of answers
Replay
Link that replays current quiz
Next Quiz
Link to next quiz in quiz playlist
You Got
0%
They Got
Avg Score
31%
Avg Friend Score
Upgrade to see
Score Distribution
Jump to the score distribution portion of the page
Score
0/71
Timer
14:00
0
Plays Today
Sport
% Correct
Basketball
95%
Football
93.3%
Baseball
91.7%
Soccer
90%
Hockey
85%
Cricket
75%
Tennis
75%
Rugby
70%
Swimming
66.7%
Golf
66.7%
Polo
53.3%
Skiing
53.3%
Volleyball
51.7%
Lacrosse
51.7%
Water Polo
51.7%
Badminton
45%
Diving
43.3%
Gymnastics
40%
Bowling
38.3%
Boxing
36.7%
Table Tennis
35%
Curling
35%
Ice Hockey
33.3%
Luge
33.3%
Judo
33.3%
Fencing
31.7%
Karate
31.7%
Cycling
30%
Pool
30%
Snowboarding
30%
Weightlifting
28.3%
Archery
28.3%
Horse Racing
28.3%
Squash
28.3%
Rowing
28.3%
Softball
26.7%
Sport
% Correct
Javelin
25%
Athletics
23.3%
Croquet
21.7%
Discus
20%
Dancing
20%
Sailing
18.3%
Surfing
18.3%
Equestrian
16.7%
Auto Racing
15%
Kayaking
15%
Canoeing
15%
Fishing
15%
Hammer Throw
15%
Sumo
15%
Netball
13.3%
BMX
13.3%
Motocross
13.3%
Racquetball
13.3%
Bobsleigh
13.3%
Snooker
13.3%
Beach Volleyball
11.7%
Billiards
11.7%
Hurdles
11.7%
Biking
10%
Taekwondo
10%
Ballet
10%
Skydiving
10%
Lawn Bowls
5%
Kendo
5%
Scuba Diving
5%
Synchronising Swimming
5%
Tee-Ball
5%
Bunjee Jumping
1.7%
Aerobatics
1.7%
Snorkeling
1.7%
Quiz Playlist
Details
Report
Send in Message
Add To Playlist
Classic:
Type in answers that appear in a list
Random Order:
Randomize order of answers
Last Updated: Feb 16, 2017
Quiz Scoreboard
CHALLENGE
Sign Up to Join the Scoreboard
Show All
Scores
Hide
Comments
May contain spoilers
Recently Published
Colored Red Africa Blitz
by spor1
Geography
30s
Find the 'City' Movie
by crazypaving
Movies
60s
5x2 Blitz: Bands
by SL_Kpop136
Music
30s
More to Explore
Quiz From the Vault
Featured Blog Post
14 Easter Pick-up Lines to Find Eggs With
hide this ad
You Might Also Like...
Tags
This quiz does not have any tags.
Today's Top Quizzes in Sports
Browse Sports
hide this ad
Top Contributed Quizzes in Sports
1
Les entraîneurs de l'OM et du PSG au 21e siècle
2
Les meilleurs buteurs des matchs entre le PSG et l’OM
3
Les joueurs passés par le PSG et l'OM
4
Players with Multiple 50 Home Run Seasons
5
2022 World Cup Stars
6
Criteria MLB: Left Handed Sluggers
7
NBA Logic Puzzle 2.0
8
MLB Players with Two .350 Batting Average Seasons
9
Top 10 NHL Goal Scorers of All Time
10
Les joueurs passés par le LOSC et le RC Lens
Explore More
Trending Topics
Harry Potter
NBA
Crossword
Anime
Marvel
Disney
Kpop
Puzzle
Song
The Office
WWE
Soccer
Country
NFL
Pokémon
hide this ad
More By:
AwesumJuan
Quiz
Plays
Rating
Category
Featured
Created
3 Letter Words in 2010s Songs
68,232
4.56
Music
Nov 7, 2019
3 Letter Words in 1980s Songs
66,672
4.73
Music
Dec 30, 2019
3 Letter Words in 1990s Songs
63,560
4.62
Music
Dec 8, 2019
5 Letter Words in 1980s Songs
63,068
4.70
Music
Jan 10, 2020
4 Letter Words in 1990s Songs
61,087
4.66
Music
Dec 10, 2019
Go to Creator's Profile
Score Distribution
Quiz Creator Spotlight
AwesumJuan
Follow
Send a Message
Quizzes Created
-
Created Quiz Play Count
-
More By This Creator
Popular Quizzes Today
1
Colored Red Africa Blitz
2
Find the 'City' Movie
3
5x2 Blitz: Bands
4
Find the US States - No Outlines Minefield
5
The Countries of the World
6
Find the US States
7
US States
8
Find the Countries of Europe - No Outlines Minefield
More Sports Quizzes
Top Wicket Takers At Each ODI World Cup
Editor's Pick
Trending Quizzes
Colored Red Europe Blitz I
Colored Red Europe Blitz II
Colored Red Africa Blitz II
Colored Red Europe Blitz III
Colored Red Africa Blitz III
Recently Updated
How Do You Spell That?
pecheneg
Godzilla Movies
pecheneg
Grab Bag: 4-10 Letters
pecheneg
2024 March Madness Bracket
pecheneg
Famous TV Couples
Peacemaker
Champions League XIs: Real Madrid
pecheneg
Largest US Cities 1790-2010
pecheneg
Rides in Walt Disney World
pecheneg
Most Oscar Losses (Acting)
pecheneg
Beyoncé Albums
pecheneg
Trending Topics
Anime
Disney
NBA
Marvel
Harry Potter
Crossword
Kpop
Country
WWE
Song
NFL
The Office
Soccer
Puzzle
Pokémon
Your Account Isn't Verified!
In order to create a playlist on Sporcle, you need to verify the email address you used during registration. Go to your
Sporcle Settings
to finish the process.
Report this User
Report this user for behavior that violates our
Community Guidelines
.
Details:
Send Report
Go to the Sporcle.com Mobile Site →
Comments